00722nam a2200205Ia 4500003000400000005001700004008004100021020001800062040001800080041000800098082002200106100002200128245016000150250001200310260004500322300003200367650004900399650004700448700002100495OSt20220906110643.0210716s2018 xx 000 0 und d a9781788295826 cAIMIT LIBRARY aeng a005.448 21bPATA aPatawari, Aditya. aAnsible 2 cloud automation cookbook :bwrite ansible playbooks for AWS google cloud microsoft azure and openstack /cBy Aditya Patawari and Vikas Aggarwal. a1st ed. aMumbai :bPackt Publishing Ltd ,c2018 . aviii, 179p. ;bPBc23.5 cm. aExploring google cloud platform with ansible aRunning containers with docker and ansible aAggarwal, Vikas.